Trivia #2 - Spotifour, spotifive - Statistics

General Stats
  • This quiz has been taken 14 times
  • The average score is 7 of 14
Answer Stats
Hint Answer % Correct
Your Song, Don't Go Breaking My Heart Elton John
100%
In my Life, Blackbird The Beatles
100%
Circles, rockstar Post Malone
67%
Von Dutch, 365 Charli xcx
58%
Disease, Always Remember Us This Way Lady Gaga
58%
Love Lost, 5 Dollar Pony Rides Mac Miller
58%
Time to Pretend, When You Die MGMT
58%
With Arms Wide Open, My Own Passion Creed
50%
Love You For a Long Time, Don't Forget Me Maggie Rogers
42%
Sofia, Bubble Gum Clairo
33%
Tuesday's Gone, Gimme Three Steps Lynyrd Skynyrd
33%
Disco Man, Toro Remi Wolf
33%
LVL, Everyday A$AP Rocky
17%
I've Been in Love, Candle Flame Jungle
17%
No matching quizzes found
Score Distribution
Percent of People with Each Score
Percentile by Number Answered
Your Score History
You have not taken this quiz